ARRUPE JESUIT UNIVERSITY

CORONAVIRUS -STOP THE SPREAD - CLEAN,DISINFECT,COVER

The last resort : (Record no. 121421)

MARC details
000 -LEADER
fixed length control field 00943cam a2200301 a 4500
001 - CONTROL NUMBER
control field 16652617
003 - CONTROL NUMBER IDENTIFIER
control field ARRUPE
005 - DATE AND TIME OF LATEST TRANSACTION
control field 20141210111850.0
008 - FIXED-LENGTH DATA ELEMENTS--GENERAL INFORMATION
fixed length control field 110215s2009 sa b 000 0aeng
010 ## - LIBRARY OF CONGRESS CONTROL NUMBER
LC control number 2011372062
020 ## - INTERNATIONAL STANDARD BOOK NUMBER
International Standard Book Number 9781868423620 (trade pbk.)
020 ## - INTERNATIONAL STANDARD BOOK NUMBER
International Standard Book Number 186842362X (trade pbk.)
035 ## - SYSTEM CONTROL NUMBER
System control number (OCoLC)ocn461238020
040 ## - CATALOGING SOURCE
Original cataloging agency OI@
Transcribing agency OI@
Modifying agency EMU
-- DLC
042 ## - AUTHENTICATION CODE
Authentication code lccopycat
043 ## - GEOGRAPHIC AREA CODE
Geographic area code f-rh---
050 00 - LIBRARY OF CONGRESS CALL NUMBER
Classification number SPC DT2999.R64
Item number A3 2009
300 ## - PHYSICAL DESCRIPTION
Dimensions 22 cm.
100 1# - MAIN ENTRY--PERSONAL NAME
Personal name Rogers, Douglas,
Dates associated with a name 1968-
9 (RLIN) 13161
245 14 - TITLE STATEMENT
Title The last resort :
Remainder of title a memoir of Zimbabwe /
Statement of responsibility, etc Douglas Rogers.
260 ## - PUBLICATION, DISTRIBUTION, ETC. (IMPRINT)
Place of publication, distribution, etc Johannesburg :
Name of publisher, distributor, etc Short Books
Date of publication, distribution, etc c2009.
300 ## - PHYSICAL DESCRIPTION
Extent 378 p. :
600 10 - SUBJECT ADDED ENTRY--PERSONAL NAME
Personal name Rogers, Douglas,
Dates associated with a name 1968-
General subdivision Family.
9 (RLIN) 13162
650 #0 - SUBJECT ADDED ENTRY--TOPICAL TERM
Topical term or geographic name as entry element Resorts
Geographic subdivision Zimbabwe.
9 (RLIN) 13163
651 #0 - SUBJECT ADDED ENTRY--GEOGRAPHIC NAME
Geographic name Zimbabwe
General subdivision History
Chronological subdivision 1980-
9 (RLIN) 13164
906 ## - LOCAL DATA ELEMENT F, LDF (RLIN)
a 7
b cbc
c copycat
d 3
e ncip
f 20
g y-gencatlg
942 ## - ADDED ENTRY ELEMENTS (KOHA)
Source of classification or shelving scheme Library of Congress Classification
Koha item type SPC
Holdings
Withdrawn status Lost status Source of classification or shelving scheme Damaged status Not for loan Home library Current library Date acquired Total Checkouts Full call number Barcode Date last seen Price effective from Koha item type
    Library of Congress Classification     ARRUPE LIBRARY ARRUPE LIBRARY 10/12/2014   SPC DT2999.R64 A3 2009 46500003511 10/12/2014 10/12/2014 SPC

 

Arrupe Library. PO Box MP320 Mt Pleasant, Harare, Zimbabwe
263 242 745411|librarian@aju.ac.zw